Saláty 66 nejlepších receptů
| Main Authors: | , |
|---|---|
| Other Authors: | |
| Format: | Book |
| Language: | Czech Hungarian Slovak |
| PhysicalDescription: | 144 s. fareb. fotogr. 27 cm |
| Published: |
Bratiislava
Príroda
2007
|
| ISBN: | 9788007015449 |
| Edition: | 1. vyd. |
| Subjects: |
MARC
| LEADER | 00000nam a2200000 a 4500 | ||
|---|---|---|---|
| 001 | vtls008983449 | ||
| 003 | SK-MaSNL | ||
| 005 | 20260301220033.0 | ||
| 008 | 240314s2007 xo o g 001 0 cze | ||
| 015 | |a SNBA2007/10-05060 | ||
| 020 | |a 9788007015449 |q (viaz.) | ||
| 035 | |a A2CFDE1E-FC7E-4ACA-B30B-6E9369190817 | ||
| 035 | |a urn:nbn:sk:snk-amkwxo | ||
| 035 | |a urn:nbn:sk:snk-am0082oo | ||
| 040 | |a SNK |b slo |c SNK |e AACR2 | ||
| 041 | 1 | |a cze |h hun |h slo | |
| 044 | |a xo |c SK | ||
| 072 | 7 | |a 641 |x Kuchárstvo. Potraviny. Varené jedlá |2 konspekt | |
| 080 | |a 641.83 |2 2001 | ||
| 080 | |a (083.12) |2 2001 | ||
| 100 | 1 | |a Lajos, Mari, |d 1943- |4 aut |9 312453 | |
| 240 | 1 | 0 | |a 66 saláta |l Česky |
| 245 | 1 | 0 | |a Saláty |b 66 nejlepších receptů |c Mari Lajosová, Károly Hemző ; [ze slovenštiny přeložila Jitka Slavíková] |
| 246 | 3 | |a Hatvanhat saláta | |
| 250 | |a 1. vyd. | ||
| 260 | |a Bratiislava |b Príroda |c 2007 | ||
| 300 | |a 144 s. |b fareb. fotogr. |c 27 cm | ||
| 500 | |a Fareb. fotogr. na tit. strane | ||
| 504 | |a Reg. | ||
| 650 | 0 | 7 | |a šaláty (jedlá) |2 SNKPH |9 102405 |
| 655 | 7 | |a kuchárske recepty |2 SNKPH |9 70493 | |
| 700 | 1 | |a Hemző, Károly, |d 1928-2012 |4 aut |9 312454 | |
| 700 | 1 | |a Slavíková, Jitka |4 trl |9 401432 | |
| 919 | |a 978-80-07-01544-9 | ||
| 958 | |a OP | ||
| 958 | |a CZ | ||
| 958 | |a NM | ||
| 968 | |a Čes |b MAG |c SLO |d 64 | ||
| 999 | |c 930396 |d 932326 | ||
| 952 | |a SNK |b SNK |y PREZ |7 0 |p 17A0549995 |o snkSB 74292 |i snk2007/10928 |8 0 |0 0 |1 0 |4 0 |d 2007-04-24 |f 1 |l 0 |r 2025-04-24 00:00:00 |w 2026-02-24 | ||
| 952 | |a SNK |b SNK |y VYP |7 0 |p 17A0549994 |o snkSB 74292 D1 |i snk2007/10930 |8 0 |0 0 |1 0 |4 0 |d 2007-04-24 |l 0 |r 2016-06-30 00:00:00 |w 2026-02-24 | ||


